Amendments to duty of care regulations (Record no. 72550)

MARC details
000 -LEADER
fixed length control field 01736cam a2200289 4500
001 - CONTROL NUMBER
control field ABS66655
008 - FIXED-LENGTH DATA ELEMENTS--GENERAL INFORMATION
fixed length control field 030428n2003 000 0 eng u
035 ## - SYSTEM CONTROL NUMBER
System control number (Sirsi) u122094
100 ## - MAIN ENTRY--PERSONAL NAME
Personal name Evers, A.
245 ## - TITLE STATEMENT
Title Amendments to duty of care regulations
260 ## - PUBLICATION, DISTRIBUTION, ETC.
Date of publication, distribution, etc. 2003
490 ## - SERIES STATEMENT
Series statement Wastes Management
Volume/sequential designation March 2003, 53-54(2)
520 ## - SUMMARY, ETC.
Summary, etc. Explains amendments to the duty of care obligations and discusses the implementation of the Waste Incineration Directive 2000/87/EC (WID). Key changes to duty of care obligations include the application of the European Waste Catalogue as set out in the Landfill (England and Wales) Regulations 2002 Reg 19 and the Environmental Protection (Duty of Care) (England) (Amendment) Regulations 2003. The latter regulations give local authorities the power to serve notices on duty holders requiring the production of waste and transfer notes. Also examines the legislation and national measures required to implement WID and provides a summary of the existing regulatory regime for incinerators in England and Wales.
590 ## - LOCAL NOTE (RLIN)
Local note ABS
650 ## - SUBJECT ADDED ENTRY--TOPICAL TERM
Topical term or geographic name entry element LANDFILL REGULATIONS (ENGLAND AND WALES) 2002
650 ## - SUBJECT ADDED ENTRY--TOPICAL TERM
Topical term or geographic name entry element DUTY OF CARE
650 ## - SUBJECT ADDED ENTRY--TOPICAL TERM
Topical term or geographic name entry element WASTE MANAGEMENT LICENSING
650 ## - SUBJECT ADDED ENTRY--TOPICAL TERM
Topical term or geographic name entry element ENVIRONMENTAL PROTECTION (DUTY OF CARE) (ENGLAND) (AMENDMENT) REGULATIONS 2003
650 ## - SUBJECT ADDED ENTRY--TOPICAL TERM
Topical term or geographic name entry element BUILDING REGULATIONS 2000 APPROVED DOCUMENT L1 (2002 EDITION)
650 ## - SUBJECT ADDED ENTRY--TOPICAL TERM
Topical term or geographic name entry element BUILDING REGULATIONS 2000 APPROVED DOCUMENT L2 (2002 EDITION)
650 ## - SUBJECT ADDED ENTRY--TOPICAL TERM
Topical term or geographic name entry element DIRECTIVE 2000/87/EC
650 ## - SUBJECT ADDED ENTRY--TOPICAL TERM
Topical term or geographic name entry element WASTE INCINERATION
650 ## - SUBJECT ADDED ENTRY--TOPICAL TERM
Topical term or geographic name entry element ENVIRONMENTAL PROTECTION ACT 1990 S34
650 ## - SUBJECT ADDED ENTRY--TOPICAL TERM
Topical term or geographic name entry element ENVIRONMENTAL PROTECTION (DUTY OF CARE) REGULATIONS 1991
690 ## - LOCAL SUBJECT ADDED ENTRY--TOPICAL TERM (OCLC, RLIN)
Topical term or geographic name as entry element ENVIRONMENTAL AND LAND CONSULTANCY-WASTE MANAGEMENT
942 ## - ADDED ENTRY ELEMENTS (KOHA)
Suppress in OPAC 0
Holdings
Withdrawn status Lost status Source of classification or shelving scheme Damaged status Not for loan Home library Current library Shelving location Date acquired Total Checkouts Full call number Barcode Date last seen Copy number Price effective from Koha item type
    Dewey Decimal Classification     London London Journal article 28/04/2003   ABS66655 122094-1001 06/08/2019 1 06/08/2019 Journal article